| 000 | 00680nam a22001937a 4500 | ||
|---|---|---|---|
| 003 | NUST-PNEC | ||
| 005 | 20170116180705.0 | ||
| 008 | 140922b xxu||||| |||| 00| 0 eng d | ||
| 020 | _a0074515640 | ||
| 040 | _cPNEC | ||
| 082 | _a621.903 RAM | ||
| 100 |
_9336 _aRamchandran, Dr. A |
||
| 245 |
_aMachine tool design Handbook _cDr. A Ramchandran |
||
| 260 |
_aNew Delhi _bTata McGraw-Hill Publishing Company Limited _cc.2003 |
||
| 300 |
_axx, 955 p.: _bill. : _c22 cm. |
||
| 500 | _aIncludes Index http://www.amazon.com/Machine-Design-Handbook-Central-Institute/dp/0074515640/ref=sr_1_1?s=books&ie=UTF8&qid=1411370322&sr=1-1&keywords=0074515640 | ||
| 650 | _xME | ||
| 942 |
_2ddc _cBK |
||
| 999 |
_c60712 _d60712 |
||